Pays avec une frontiere - Statistiques

Statistiques générales
  • Ce quiz a été pris 160 fois
  • Le résultat moyen est 10 sur 15
Statistiques - réponses
Hint Réponse % Correct
portugal espagne
99%
Royaume uni Irlande
99%
Corée du sud Corée du nord
83%
Vatican Italie
79%
Estonie Lettonie
75%
Saint marin Italie
70%
Danemark Allemagne
69%
Lesotho Afrique du sud
67%
Bangladesh Inde
65%
Republique dominiquaine Haiti
61%
Papouasie nouvelle guinée Indonésie
56%
Singapour Indonésie
52%
Gambie Senegal
51%
Brunei Malaisie
40%
Canada État unis
21%
Aucun quiz correspondant
Distribution des résultats
% des personnes avec chaque résultat
Percentile par nombre de réponses
Votre historique - résultats
Vous n’avez pas pris ce quiz